Statistics for stations can't transfer from shinkansen to local jr line

Click here to take the quiz!

General Stats

  • This quiz has been taken 11 times
  • The average score is 16 of 27

Answer Stats

HintAnswerLocation% Correct
1Osu-Tsugaru-Imabetsu
奥津軽いまべつ
Aomori
90%
5Annaka-Haruna
安中榛名
Gunma
80%
4Gifu-Hashima
岐阜羽島
Gifu
80%
24Honjo-Waseda
本庄早稲田
Saitama
80%
2Shichinohe-Towada
七戸十和田
Aomori
80%
11Iwate-Numakunai
いわて沼宮内
Iwate
70%
19Karuizawa
軽井沢
Nagano
70%
9Kikonai
木古内
Hokkaido
70%
12Ninohe
二戸
Iwate
70%
18Shiroishi-Zao
白石蔵王
Miyagi
70%
7Higashi-Hiroshima
東広島
Hiroshima
60%
22Joetsu-Myoko
上越妙高
Niigata
60%
6Jomo-Kogen
上毛高原
Gunma
60%
17Kurikoma-Kogen
くりこま高原
Miyagi
60%
26Kurobe-Unazuki-Onsen
黒部宇奈月温泉
Toyama
60%
25Shin-Fuji
新富士
Shizuoka
60%
10Shin-Kobe
新神戸
Hyogo
60%
20Ueda
上田
Nagano
60%
13Mizusawa-Esashi
水沢江刺
Iwate
50%
27Shin-Iwakuni
新岩国
Yamaguchi
50%
15Shin-Minamata
新水俣
Kumamoto
50%
3Shin-Omuta
新大牟田
Fukuoka
50%
8Shin-Onomichi
新尾道
Hiroshima
50%
16Shin-Tamana
新玉名
Kumamoto
50%
14Izumi
出水
Kagoshima
40%
21Gala-Yuzawa
ガーラ湯沢
Niigata
30%
23Uresino-Onsen
嬉野温泉
Saga
20%

Score Distribution

Percentile by Number Answered

Percent of People with Each Score

Your Score History

You have not taken this quiz